[Event "Oceania-ch U20"]
[Site "Auckland"]
[Date "2019.01.12"]
[Round "9"]
[White "Au, Alexander"]
[Black "Crowley, Regan"]
[Result "1/2-1/2"]
[WhiteElo "1789"]
[BlackElo "1838"]
[PlyCount "31"]
[EventDate "2019.01.08"]
[EventType "swiss"]
[EventRounds "9"]
[EventCountry "NZL"]
[SourceTitle "EXT 2020"]
[Source "ChessBase"]
[SourceDate "2019.10.17"]
[SourceVersion "1"]
[SourceVersionDate "2019.10.17"]
[SourceQuality "1"]

1. e4 e6 2. d4 d5 3. exd5 exd5 4. Bd3 c5 5. c3 Nc6 6. Ne2 Nf6 7. 0-0 Bd6 8. Bf4 0-0 9. dxc5 Bxc5 10. Nd2 Bg4 11. Nb3 Bb6 12. h3 Bh5 13. Qc2 Re8 14. Ng3 Bg6 15. Bxg6 fxg6 16. Rad1 1/2-1/2

[Event "Oceania-ch U20"]
[Site "Auckland"]
[Date "2019.01.11"]
[Round "8"]
[White "Crowley, Regan"]
[Black "Zelesco, Karl"]
[Result "0-1"]
[WhiteElo "1838"]
[BlackElo "2412"]
[PlyCount "46"]
[EventDate "2019.01.08"]
[EventType "swiss"]
[EventRounds "9"]
[EventCountry "NZL"]
[SourceTitle "EXT 2020"]
[Source "ChessBase"]
[SourceDate "2019.10.17"]
[SourceVersion "1"]
[SourceVersionDate "2019.10.17"]
[SourceQuality "1"]

1. d4 d5 2. c4 c6 3. cxd5 cxd5 4. Nc3 Nf6 5. Nf3 Nc6 6. e3 Bf5 7. Bb5 Rc8 8. 0-0 e6 9. Re1 Be7 10. a3 0-0 11. Bd3 Bg4 12. Ne2 Bd6 13. Ng3 Na5 14. h3 Bxg3 15. hxg4 Bb8 16. Ne5 Ne4 17. b4 Nc6 18. Nxc6 Rxc6 19. f4 Qh4 20. Qe2 f5 21. g5 Nxg5 22. fxg5 Bg3 23. Qd2 Bxe1 0-1

[Event "Oceania zt 3.6"]
[Site "Auckland"]
[Date "2017.01.19"]
[Round "8"]
[White "Crowley, Regan"]
[Black "Kethro, Michael"]
[Result "0-1"]
[WhiteElo "1761"]
[BlackElo "2091"]
[PlyCount "70"]
[EventDate "2017.01.14"]
[EventType "swiss"]
[EventRounds "9"]
[EventCountry "NZL"]
[SourceTitle "EXT 2018"]
[Source "ChessBase"]
[SourceDate "2017.10.13"]
[SourceVersion "1"]
[SourceVersionDate "2017.10.13"]
[SourceQuality "1"]

1. d4 d5 2. c4 e6 3. Nc3 Nf6 4. cxd5 exd5 5. Bg5 Nbd7 6. e3 c6 7. Bd3 Be7 8. Nge2 Nf8 9. Qc2 Ne6 10. Bh4 g6 11. 0-0 0-0 12. Rab1 b6 13. b4 Bb7 14. Bxf6 Bxf6 15. f4 Qe7 16. Ng3 Rab8 17. a3 c5 18. dxc5 bxc5 19. e4 c4 20. e5 Bh4 21. Bf5 Nd4 22. Qd2 Nxf5 23. Nxf5 gxf5 24. Nxd5 Qe6 25. Ne3 Bd8 26. Qc3 Bb6 27. Rbd1 Rbd8 28. Kh1 Qc6 29. Rf3 Qe6 30. Rg3+ Kh8 31. Rd6 Rxd6 32. exd6+ f6 33. Qd2 Rd8 34. Qc3 Rxd6 35. h4 Rd3 0-1

[Event "Oceania zt 3.6"]
[Site "Auckland"]
[Date "2017.01.18"]
[Round "7"]
[White "Huang, Alex"]
[Black "Crowley, Regan"]
[Result "0-1"]
[WhiteElo "1993"]
[BlackElo "1761"]
[PlyCount "62"]
[EventDate "2017.01.14"]
[EventType "swiss"]
[EventRounds "9"]
[EventCountry "NZL"]
[SourceTitle "EXT 2018"]
[Source "ChessBase"]
[SourceDate "2017.10.13"]
[SourceVersion "1"]
[SourceVersionDate "2017.10.13"]
[SourceQuality "1"]

1. d4 d5 2. c4 c6 3. Nf3 e6 4. Qc2 Bd6 5. g3 Nd7 6. Bg2 Ngf6 7. 0-0 0-0 8. Nbd2 Re8 9. b3 e5 10. dxe5 Nxe5 11. Bb2 Nxf3+ 12. Nxf3 Ne4 13. cxd5 cxd5 14. Rfd1 Bc5 15. Nd4 Qe7 16. e3 Bd7 17. a4 Rac8 18. Qd3 Qf6 19. Qe2 Qb6 20. Rab1 Qg6 21. Ba1 Ng5 22. Bxd5 Bxd4 23. Bxd4 Nh3+ 24. Kg2 Nf4+ 25. exf4 Rxe2 26. Bf3 Bc6 27. Bxa7 Bxf3+ 28. Kxf3 Qe4+ 29. Kg4 Qe6+ 30. Kf3 h5 31. Rd4 Rcc2 0-1